UK Number One Artists- 2005-2009 - Statistics

General Stats
  • This quiz has been taken 60 times
    40 since last reset
  • The average score is 64 of 119
Answer Stats
Song Artist % Correct
Beautiful Liar Beyonce/Shakira
97%
4 Minutes Madonna/Justin Timberlake/Timbaland
97%
Give It To Me Timbaland/Nelly Furtado/Justin Timberlake
94%
Run This Town Jay-Z/Rihanna/Kanye West
91%
Take A Bow Rihanna
91%
Umbrella Rihanna/Jay-Z
91%
Hips Don't Lie Shakira/Wyclef Jean
91%
If I Were A Boy Beyonce
88%
Déjà Vu Beyonce/Jay-Z
88%
SexyBack Justin Timberlake
88%
I Kissed A Girl Katy Perry
88%
Bad Romance | Poker Face Lady Gaga
88%
Just Dance Lady Gaga/Colby O'Donis
88%
A Moment Like This | Bleeding Love | Run Leona Lewis
85%
Smack That Akon/Eminem
82%
Jailhouse Rock Elvis Presley
82%
Stickwitu The Pussycat Dolls
82%
Don't Cha The Pussycat Dolls/Busta Rhymes
82%
Viva La Vida Coldplay
79%
Sex On Fire The Kings Of Leon
79%
You're Beautiful James Blunt
76%
So What P!nk
76%
Bad Boys Alexandra Burke/Flo Rida
73%
Sexy Chick/Sexy Bitch David Guetta/Akon
73%
American Boy Estelle/Kanye West
73%
Hung Up | Sorry Madonna
73%
Greatest Day | Patience | Shine Take That
70%
Lonely Akon
67%
Smile | The Fear Lily Allen
67%
Over And Over Nelly/Tim McGraw
67%
Nasty Girl The Notorious B.I.G/Diddy/Nelly/Jagged Edge/Avery Storm
67%
Walk This Way The Sugababes/Girls Aloud
67%
Mercy Duffy
64%
Grace Kelly MIKA
64%
Like Toy Soldiers Eminem
61%
My Life Would Suck Without You Kelly Clarkson
61%
Maneater Nelly Furtado
61%
Beautiful Girls Sean Kingston
61%
About You Now | Push The Button The Sugababes
61%
The Rose | You Raise Me Up Westlife
61%
Fight For This Love Cheryl Cole
58%
Right Round Flo Rida/Ke$ha
58%
Stronger Kanye West
58%
It's Chico Time Chico
55%
I Bet You Look Good On The Dancefloor The Arctic Monkeys
55%
Is This The Way To Amarillo Tony Christie/Peter Kay
55%
Hallelujah Alexandra Burke
52%
Axel F Crazy Frog
52%
Crazy Gnarls Barkley
52%
All About You/You've Got A Friend | Baby's Coming Back/Transylvania | Don't Stop Me Now/Please Please | +2 others McFly
52%
The Way I Are Timbaland/Keri Hilson/D.O.E
52%
When Love Takes Over David Guetta/Kelly Rowland
48%
The Promise Girls Aloud
48%
Closer | So Sick Ne-Yo
48%
Break Your Heart Taio Cruz
48%
Boom Boom Pow | I Gotta Feeling | Meet Me Halfway The Black Eyed Peas
48%
I Don't Feel Like Dancin' The Scissor Sisters
48%
Beat Again | Everybody In Love JLS
45%
That's My Goal Shayne Ward
45%
Ruby The Kaiser Chiefs
45%
I'm Gonna Be (500 Miles) The Proclaimers/Brian Potter/Andy Pipkin
45%
Evacuate The Dancefloor Cascada
42%
Holiday Dizzee Rascal/Calvin Harris
42%
Dance Wiv Me Dizzee Rascal/Calvin Harris/Chrome
42%
All Summer Long Kid Rock
42%
Bulletproof La Roux
42%
Welcome To The Black Parade My Chemical Romance
42%
Boys And Girls | Mama Do (Uh, Oh Uh,Oh) Pixie Lott
42%
That's Not My Name The Ting Tings
42%
Goodies Ciara/Petey Pablo
39%
Bonkers Dizzee Rascal
39%
Lyla | The Importance Of Being Idle Oasis
39%
Killing In The Name Rage Against The Machine
39%
Ghetto Gospel 2Pac/Elton John
36%
Now You're Gone Basshunter
36%
America Razorlight
33%
With Every Heartbeat Robyn/Kleerup
33%
Dakota The Stereophonics
33%
When You Believe Leon Jackson
30%
Against All Odds Steve Brookstein
30%
Sometimes You Can't Make It On Your Own U2
30%
Hero X Factor Finalists
30%
You Are Not Alone X Factor Finalists 2009
30%
I'm Not Alone Calvin Harris
27%
Dare Gorillaz/Shaun Ryder
27%
Get Right Jennifer Lopez
27%
I Wish I Was A Punk Rock Girl (With Flowers In My Hair) Sandi Thom
27%
Number 1 Tinchy Strider/N-Dubz
27%
No Tomorrow Orson
24%
Oopsy Daisy Chipmunk/Dayo Olatunji
18%
Thunder In My Heart Again Meck/Leo Sayer
18%
JCB Nizlopi
18%
Never Leave You Tinchy Stryder/Amelle
18%
Put Your Hands Up For Detroit Fedde Le Grand
15%
What A Wonderful World Katie Melua/Eva Cassidy
12%
Singin' In The Rain Mint Royale
12%
Islands In The Stream Vanessa Jenkins/Bryn West/Tom Jones/Robin Gibb
9%
It's Now Or Never | One Night/I Got Stung Elvis Presley
0%
When The Sun Goes Down The Arctic Monkeys
0%
No matching quizzes found
Score Distribution
Percent of People with Each Score
Percentile by Number Answered
Your Score History
You have not taken this quiz since the last reset